<?xml version="1.0" encoding="UTF-8"?><?xml-stylesheet type="text/xsl" href="static/style.xsl"?><OAI-PMH xmlns="http://www.openarchives.org/OAI/2.0/" xmlns:xsi="http://www.w3.org/2001/XMLSchema-instance" xsi:schemaLocation="http://www.openarchives.org/OAI/2.0/ http://www.openarchives.org/OAI/2.0/OAI-PMH.xsd"><responseDate>2026-06-07T07:14:23Z</responseDate><request verb="GetRecord" identifier="oai:riuma.uma.es:10630/20682" metadataPrefix="marc">https://riuma.uma.es/rest/oai/request</request><GetRecord><record><header><identifier>oai:riuma.uma.es:10630/20682</identifier><datestamp>2026-02-03T12:30:13Z</datestamp><setSpec>com_10630_2254</setSpec><setSpec>col_10630_37959</setSpec></header><metadata><record xmlns="http://www.loc.gov/MARC21/slim" xmlns:dcterms="http://purl.org/dc/terms/" xmlns:doc="http://www.lyncode.com/xoai" xmlns:xsi="http://www.w3.org/2001/XMLSchema-instance" xsi:schemaLocation="http://www.loc.gov/MARC21/slim http://www.loc.gov/standards/marcxml/schema/MARC21slim.xsd">
   <leader>00925njm 22002777a 4500</leader>
   <datafield ind2=" " ind1=" " tag="042">
      <subfield code="a">dc</subfield>
   </datafield>
   <datafield ind2=" " ind1=" " tag="720">
      <subfield code="a">Gómez-Salado, Miguel Ángel</subfield>
      <subfield code="e">author</subfield>
   </datafield>
   <datafield ind2=" " ind1=" " tag="260">
      <subfield code="c">2021-01-13</subfield>
   </datafield>
   <datafield ind2=" " ind1=" " tag="520">
      <subfield code="a">La presente ponencia que se presenta, titulada “La planificación docente en el ámbito universitario: Especial atención a la asignatura "Relaciones Laborales en la Administración Pública"”, atiende a lo dispuesto en varios archivos digitales que han sido preparados en el marco de la Universidad de Málaga. En este sentido, se puede destacar que la planificación y el diseño de la enseñanza en la Universidad es un proceso muy complejo en el que participan numerosos agentes en diferentes ámbitos de decisión (los docentes, los Departamentos, los Centros, los Servicios Centrales de la Universidad, las Agencias de Acreditación, etc.). Este proceso, en su dimensión pública, comienza con la Memoria de Verificación de los títulos oficiales de Grado y Posgrado y finaliza con la preparación de dos documentos fundamentales para cada asignatura que adquieren una gran importancia en los entornos virtuales de docencia, y que permiten guiar y acompañar el aprendizaje de los estudiantes: la guía o plan docente y la programación temporal o cronograma.&#xd;
A lo largo de este trabajo, analizaremos los dos documentos citados anteriormente, haciendo un especial hincapié en la planificación de la asignatura “Relaciones Laborales en la Administración Pública” (que está adscrita al Grado en Gestión y Administración Pública de la Universidad de Málaga).</subfield>
   </datafield>
   <datafield ind1="8" ind2=" " tag="024">
      <subfield code="a">https://hdl.handle.net/10630/20682</subfield>
   </datafield>
   <datafield tag="653" ind2=" " ind1=" ">
      <subfield code="a">Enseñanza superior</subfield>
   </datafield>
   <datafield tag="653" ind2=" " ind1=" ">
      <subfield code="a">Relaciones laborales</subfield>
   </datafield>
   <datafield ind2="0" ind1="0" tag="245">
      <subfield code="a">La planificación docente en el ámbito  universitario: especial atención a la asignatura relaciones laborales en la administración pública</subfield>
   </datafield>
</record>
</metadata></record></GetRecord></OAI-PMH>